African Wildlife- Sudden Death - Statistics

General Stats
  • This quiz has been taken 760 times
  • The average score is 10 of 17
Answers on the Grid
Answers color-coded by a green-red scale on the quiz's grid according to % correct below.
Lion
Chimpanzee
Gorilla
Tiger
Radiated Tortoise
Ring-Tailed Lemur
Orangutan
Iguana
Ostrich
Emu
Dingo
Cheetah
Leopard
Hippo
Elephant
Rhinoceros
Alligator
Crocodile
Peacock
Komodo Dragon
Baboon
Hyena
Meerkat
Giraffe
Zebra
Jaguar
Spider Monkey
Platypus
Poison Dart Frog
Sloth
 
Answer Stats
Answer % Correct
Zebra
68%
Hippo
67%
Elephant
66%
Giraffe
65%
Lion
65%
Cheetah
64%
Rhinoceros
63%
Baboon
60%
Hyena
60%
Crocodile
58%
Ostrich
58%
Gorilla
57%
Leopard
57%
Meerkat
55%
Ring-Tailed Lemur
55%
Chimpanzee
52%
Radiated Tortoise
40%
No matching quizzes found
Score Distribution
Percent of People with Each Score
Percentile by Number Answered
Your Score History
You have not taken this quiz